[Event "Greek Championship 2018"]
[Site "Thessaloniki"]
[Date "2018.12.14"]
[Round "3.4"]
[White "Gouloutis, Nikolaos"]
[Black "Ioannidis, Evgenios"]
[Result "0-1"]
[BlackElo "2382"]
[WhiteElo "2353"]
[LiveChessVersion "1.4.8"]

1. d4 {[%clk 1:30:57]} Nf6 {[%clk 1:30:42]} 2. Nf3 {[%clk 1:30:21]} g6
{[%clk 1:30:28]} 3. Bg5 {[%clk 1:22:08]} Bg7 {[%clk 1:30:19]} 4. Nbd2
{[%clk 1:22:32]} d5 {[%clk 1:30:12]} 5. e3 {[%clk 1:22:54]} c5 {[%clk 1:29:49]}
6. c3 {[%clk 1:23:19]} Qb6 {[%clk 1:29:35]} 7. Qb3 {[%clk 1:22:40]} Nc6
{[%clk 1:29:22]} 8. Qxb6 {[%clk 1:03:32]} axb6 {[%clk 1:29:46]} 9. Bb5
{[%clk 1:03:59]} O-O {[%clk 1:17:46]} 10. Ne5 {[%clk 0:55:39]} Na7
{[%clk 0:48:16]} 11. Be2 {[%clk 0:53:37]} b5 {[%clk 0:33:25]} 12. a4
{[%clk 0:32:26]} b4 {[%clk 0:30:28]} 13. cxb4 {[%clk 0:32:42]} cxd4
{[%clk 0:29:49]} 14. exd4 {[%clk 0:33:00]} Nd7 {[%clk 0:23:15]} 15. Nef3
{[%clk 0:17:06]} Nc6 {[%clk 0:22:43]} 16. Nb3 {[%clk 0:17:33]} Nxb4
{[%clk 0:22:01]} 17. O-O {[%clk 0:17:58]} Nf6 {[%clk 0:21:57]} 18. Rfc1
{[%clk 0:14:33]} h6 {[%clk 0:17:47]} 19. Bd2 {[%clk 0:14:07]} Nc6
{[%clk 0:17:57]} 20. Bb5 {[%clk 0:08:01]} Ne4 {[%clk 0:18:17]} 21. Be1
{[%clk 0:05:28]} Bd7 {[%clk 0:11:04]} 22. Bxc6 {[%clk 0:05:30]} bxc6
{[%clk 0:09:02]} 23. Nc5 {[%clk 0:05:56]} Nxc5 {[%clk 0:07:48]} 24. Rxc5
{[%clk 0:06:21]} Rfb8 {[%clk 0:08:00]} 25. b4 {[%clk 0:06:02]} f6
{[%clk 0:08:07]} 26. Bc3 {[%clk 0:02:04]} e6 {[%clk 0:06:16]} 27. Ra5
{[%clk 0:02:29]} Rxa5 {[%clk 0:06:09]} 28. bxa5 {[%clk 0:02:55]} Bf8
{[%clk 0:04:11]} 29. Nd2 {[%clk 0:01:46]} c5 {[%clk 0:02:35]} 30. f4
{[%clk 0:01:47]} Kf7 {[%clk 0:02:19]} 31. Kf2 {[%clk 0:01:53]} c4
{[%clk 0:02:03]} 32. a6 {[%clk 0:01:06]} Bd6 {[%clk 0:02:17]} 33. a5
{[%clk 0:01:25]} Bxf4 {[%clk 0:02:00]} 34. Rb1 {[%clk 0:01:50]} Rxb1
{[%clk 0:02:03]} 35. Nxb1 {[%clk 0:02:18]} Bb8 {[%clk 0:02:28]} 36. Bb4
{[%clk 0:01:52]} Bc8 {[%clk 0:02:33]} 37. Nc3 {[%clk 0:02:14]} Bxa6 38. Na4
{[%clk 0:02:39]} e5 {[%clk 0:01:44]} 39. Bc5 {[%clk 0:02:57]} Bc7
{[%clk 0:01:14]} 40. Bb6 {[%clk 0:33:07]} Bxb6 {[%clk 0:30:58]} 41. axb6
{[%clk 0:33:32]} exd4 {[%clk 0:27:38]} 42. Nc5 {[%clk 0:33:48]} Bc8
{[%clk 0:28:03]} 43. Ke2 {[%clk 0:27:37]} Ke7 {[%clk 0:27:08]} 44. b7
{[%clk 0:25:45]} Bxb7 {[%clk 0:27:34]} 45. Nxb7 {[%clk 0:26:12]} h5
{[%clk 0:24:55]} 46. Kd2 {[%clk 0:25:42]} Kd7 {[%clk 0:22:41]} 47. Ke2
{[%clk 0:18:01]} g5 {[%clk 0:17:10]} 48. Nc5+ {[%clk 0:17:29]} Ke7
{[%clk 0:16:25]} 49. Kd2 {[%clk 0:17:07]} f5 {[%clk 0:15:18]} 50. Ke2
{[%clk 0:13:22]} f4 {[%clk 0:15:33]} 51. Na4 {[%clk 0:07:26]} Kd6
{[%clk 0:15:13]} 52. Nb2 {[%clk 0:07:51]} Kc5 {[%clk 0:14:19]} 53. Nd1
{[%clk 0:08:16]} Kb4 {[%clk 0:14:13]} 54. Kd2 {[%clk 0:07:03]} Kb3
{[%clk 0:14:34]} 55. Kc1 {[%clk 0:07:08]} g4 {[%clk 0:14:20]} 56. g3
{[%clk 0:06:06]} f3 {[%clk 0:14:07]} 57. Nf2 {[%clk 0:05:27]} Kc3
{[%clk 0:14:09]} 58. h4 {[%clk 0:05:15]} gxh3 {[%clk 0:13:00]} 59. Nxh3
{[%clk 0:05:41]} Kd3 {[%clk 0:13:27]} 60. Kd1 {[%clk 0:04:58]} Ke3
{[%clk 0:13:51]} 61. Ke1 {[%clk 0:04:52]} c3 {[%clk 0:14:04]} 62. Nf4
{[%clk 0:05:18]} c2 {[%clk 0:14:18]} 63. Nxd5+ {[%clk 0:05:38]} Ke4
{[%clk 0:14:44]} 0-1

[Event "Greek Championship 2018"]
[Site "Thessaloniki"]
[Date "2018.12.14"]
[Round "3.5"]
[White "Kourkoulos-Arditis, Stamatis"]
[Black "Koutoukidis, Panagiotis"]
[Result "1-0"]
[BlackElo "2357"]
[WhiteElo "2424"]
[LiveChessVersion "1.4.8"]

1. e4 {[%clk 1:30:56]} e5 {[%clk 1:30:56]} 2. Nf3 {[%clk 1:31:20]} Nc6
{[%clk 1:31:22]} 3. Bb5 {[%clk 1:31:46]} a6 {[%clk 1:31:48]} 4. Ba4
{[%clk 1:32:12]} Nf6 {[%clk 1:32:13]} 5. O-O {[%clk 1:32:36]} Be7
{[%clk 1:32:40]} 6. d3 {[%clk 1:32:59]} b5 {[%clk 1:28:40]} 7. Bb3
{[%clk 1:33:18]} d6 {[%clk 1:28:30]} 8. a4 {[%clk 1:33:30]} Na5 {[%clk 1:25:31]}
9. axb5 {[%clk 1:21:48]} Nxb3 {[%clk 1:25:43]} 10. cxb3 {[%clk 1:22:14]} Bb7
{[%clk 1:24:26]} 11. bxa6 {[%clk 1:20:57]} Bxa6 {[%clk 1:24:05]} 12. Na3
{[%clk 1:21:04]} O-O {[%clk 1:22:52]} 13. Nc4 {[%clk 1:21:07]} Bb5
{[%clk 1:17:49]} 14. Bd2 {[%clk 1:15:38]} Nd7 {[%clk 0:59:38]} 15. Qc2
{[%clk 1:06:20]} Nc5 {[%clk 0:48:17]} 16. d4 {[%clk 0:57:42]} exd4
{[%clk 0:47:28]} 17. Nxd4 {[%clk 0:57:08]} Qd7 {[%clk 0:46:15]} 18. Nxb5
{[%clk 0:44:14]} Qxb5 {[%clk 0:46:32]} 19. b4 {[%clk 0:44:39]} Ne6
{[%clk 0:41:37]} 20. Ne3 {[%clk 0:43:35]} Bg5 {[%clk 0:39:33]} 21. Rxa8
{[%clk 0:33:47]} Rxa8 {[%clk 0:39:44]} 22. Nf5 {[%clk 0:34:11]} Bf6
{[%clk 0:34:01]} 23. Bc3 {[%clk 0:31:18]} Nf4 {[%clk 0:29:00]} 24. Ng3
{[%clk 0:31:42]} Bh4 {[%clk 0:28:00]} 25. Re1 {[%clk 0:29:52]} Bxg3
{[%clk 0:26:44]} 26. hxg3 {[%clk 0:29:58]} Ne6 {[%clk 0:19:59]} 27. Qd2
{[%clk 0:26:08]} Rb8 {[%clk 0:15:25]} 28. Ra1 {[%clk 0:25:20]} h6
{[%clk 0:15:29]} 29. Qd5 {[%clk 0:22:34]} Qe2 {[%clk 0:14:54]} 30. Re1
{[%clk 0:22:17]} Qa6 {[%clk 0:14:34]} 31. Rd1 {[%clk 0:20:47]} Qa4
{[%clk 0:11:53]} 32. Qd3 {[%clk 0:19:51]} Qb3 {[%clk 0:11:37]} 33. Qe2
{[%clk 0:19:23]} Qa4 {[%clk 0:08:50]} 34. Rd5 {[%clk 0:19:28]} Qc6
{[%clk 0:06:10]} 35. f3 {[%clk 0:18:51]} Qb6+ {[%clk 0:04:22]} 36. Kh2
{[%clk 0:19:02]} Ra8 {[%clk 0:04:08]} 37. Ra5 {[%clk 0:18:58]} Rb8
{[%clk 0:04:26]} 38. Ra6 {[%clk 0:17:40]} Qb7 {[%clk 0:04:38]} 39. Qc4
{[%clk 0:18:04]} Kf8 {[%clk 0:03:05]} 40. Rc6 {[%clk 0:43:44]} Qb5
{[%clk 0:32:30]} 41. Qxb5 {[%clk 0:42:06]} Rxb5 {[%clk 0:32:47]} 42. Ra6
{[%clk 0:42:32]} Ke7 {[%clk 0:31:28]} 43. g4 {[%clk 0:36:52]} f6 {[%clk 0:30:25]}
44. Kg3 {[%clk 0:37:17]} Kd7 {[%clk 0:29:45]} 45. Ra8 {[%clk 0:36:41]} d5
{[%clk 0:27:29]} 46. Ra5 {[%clk 0:27:28]} Rxa5 {[%clk 0:25:26]} 47. bxa5
{[%clk 0:27:39]} d4 {[%clk 0:25:09]} 48. Be1 {[%clk 0:27:46]} c5 {[%clk 0:22:21]}
49. b3 {[%clk 0:22:09]} g5 {[%clk 0:18:56]} 50. Kf2 {[%clk 0:22:19]} Kc6
{[%clk 0:18:42]} 51. g3 {[%clk 0:21:59]} Kb5 {[%clk 0:18:22]} 52. Ke2
{[%clk 0:22:15]} Nd8 {[%clk 0:09:34]} 53. Kd3 {[%clk 0:21:34]} Nc6
{[%clk 0:08:43]} 54. f4 {[%clk 0:21:58]} Nxa5 {[%clk 0:06:32]} 55. Bxa5
{[%clk 0:18:29]} Kxa5 {[%clk 0:07:00]} 56. e5 {[%clk 0:18:50]} fxe5
{[%clk 0:04:51]} 57. f5 {[%clk 0:19:15]} 1-0

[Event "Greek Women Ch 2018"]
[Site "?"]
[Date "2018.12.14"]
[Round "3.1"]
[White "Pavlidou, Ekaterini"]
[Black "Skaraki, Antigoni"]
[Result "1-0"]
[BlackElo "2012"]
[WhiteElo "2185"]
[LiveChessVersion "1.4.8"]

1. d4 {[%clk 1:30:51]} Nf6 {[%clk 1:30:57]} 2. c4 {[%clk 1:30:56]} g6
{[%clk 1:31:23]} 3. Nc3 {[%clk 1:31:10]} Bg7 {[%clk 1:31:48]} 4. e4
{[%clk 1:31:19]} d6 {[%clk 1:32:10]} 5. f4 {[%clk 1:31:36]} O-O {[%clk 1:31:32]}
6. Nf3 {[%clk 1:31:45]} c5 {[%clk 1:30:55]} 7. d5 {[%clk 1:32:04]} Bg4
{[%clk 1:31:01]} 8. h3 {[%clk 1:27:38]} Bxf3 {[%clk 1:31:17]} 9. Qxf3
{[%clk 1:27:56]} Nbd7 {[%clk 1:23:09]} 10. Bd3 {[%clk 1:26:06]} Re8
{[%clk 1:23:07]} 11. O-O {[%clk 1:21:24]} e6 {[%clk 1:23:08]} 12. dxe6
{[%clk 1:13:15]} Rxe6 {[%clk 0:58:51]} 13. g4 {[%clk 1:09:12]} Re8
{[%clk 0:46:40]} 14. Qg2 {[%clk 1:00:05]} Qa5 {[%clk 0:41:26]} 15. Bd2
{[%clk 0:56:34]} Qb6 {[%clk 0:40:44]} 16. Rab1 {[%clk 0:53:29]} Qc6
{[%clk 0:40:21]} 17. Rbe1 {[%clk 0:48:07]} a6 {[%clk 0:35:35]} 18. a4
{[%clk 0:46:48]} Kh8 {[%clk 0:31:42]} 19. g5 {[%clk 0:41:18]} Nh5
{[%clk 0:28:50]} 20. Be2 {[%clk 0:39:51]} Bd4+ {[%clk 0:28:46]} 21. Kh2
{[%clk 0:37:50]} Ng7 {[%clk 0:27:33]} 22. Bd1 {[%clk 0:37:01]} Ne6
{[%clk 0:20:04]} 23. h4 {[%clk 0:30:11]} Rf8 {[%clk 0:11:15]} 24. Qh3
{[%clk 0:28:12]} Rae8 {[%clk 0:04:23]} 25. Bc2 {[%clk 0:24:53]} Ng7
{[%clk 0:04:17]} 26. b3 {[%clk 0:19:17]} Nb6 {[%clk 0:03:21]} 27. a5
{[%clk 0:18:51]} Na8 {[%clk 0:03:51]} 28. Ne2 {[%clk 0:14:44]} Bb2
{[%clk 0:02:52]} 29. Ng3 {[%clk 0:13:17]} Qc8 {[%clk 0:03:03]} 30. Qxc8
{[%clk 0:09:55]} Rxc8 {[%clk 0:03:32]} 31. Rb1 {[%clk 0:09:57]} Bd4
{[%clk 0:01:49]} 32. Ne2 {[%clk 0:08:33]} Ne6 {[%clk 0:01:38]} 33. Nxd4
{[%clk 0:07:11]} Nxd4 {[%clk 0:02:00]} 34. Bc3 {[%clk 0:07:28]} Nc7
{[%clk 0:01:48]} 35. Rbd1 {[%clk 0:02:44]} f6 {[%clk 0:01:12]} 36. Bxd4
{[%clk 0:00:37]} cxd4 {[%clk 0:01:41]} 37. gxf6 {[%clk 0:00:47]} Rxf6
{[%clk 0:01:56]} 38. Rxd4 {[%clk 0:00:51]} Rcf8 {[%clk 0:01:36]} 39. Kg3
{[%clk 0:00:43]} Ne8 {[%clk 0:01:39]} 40. f5 {[%clk 0:30:49]} Ng7
{[%clk 0:31:29]} 41. Rd5 {[%clk 0:29:12]} Kg8 {[%clk 0:26:26]} 42. Rfd1
{[%clk 0:26:30]} Ne8 {[%clk 0:20:27]} 43. b4 {[%clk 0:25:38]} gxf5
{[%clk 0:17:30]} 44. exf5 {[%clk 0:24:14]} R8f7 {[%clk 0:14:29]} 45. c5
{[%clk 0:17:58]} dxc5 {[%clk 0:11:28]} 46. Re5 {[%clk 0:16:20]} Nd6
{[%clk 0:06:09]} 47. bxc5 {[%clk 0:08:45]} Nxf5+ {[%clk 0:04:27]} 48. Kh3
{[%clk 0:08:49]} Nh6 {[%clk 0:03:18]} 49. Be4 {[%clk 0:08:02]} Rc7
{[%clk 0:02:45]} 50. Rd8+ {[%clk 0:07:06]} Kf7 {[%clk 0:01:06]} 51. Rb8
{[%clk 0:06:44]} Rd7 {[%clk 0:00:37]} 52. Rxb7 {[%clk 0:05:16]} Rxb7
{[%clk 0:01:07]} 53. Bxb7 {[%clk 0:05:44]} Ng8 {[%clk 0:00:46]} 54. Bd5+
{[%clk 0:04:56]} Kf8 {[%clk 0:01:04]} 55. c6 {[%clk 0:04:56]} Rf1
{[%clk 0:00:36]} 56. Bxg8 {[%clk 0:02:13]} Kxg8 57. c7 {[%clk 0:02:21]} Rf8
{[%clk 0:00:56]} 58. Rd5 {[%clk 0:02:42]} 1-0

[Event "Greek Women Ch 2018"]
[Site "?"]
[Date "2018.12.14"]
[Round "3.2"]
[White "Androni, Konstantina"]
[Black "Markantonaki, Haritomeni"]
[Result "0-1"]
[BlackElo "2152"]
[WhiteElo "1912"]
[LiveChessVersion "1.4.8"]

1. d4 {[%clk 1:30:56]} Nf6 {[%clk 1:30:53]} 2. Bg5 {[%clk 1:31:16]} e6
{[%clk 1:30:51]} 3. e4 {[%clk 1:31:12]} h6 {[%clk 1:30:58]} 4. Bxf6
{[%clk 1:31:33]} Qxf6 {[%clk 1:31:24]} 5. Nf3 {[%clk 1:31:56]} d6
{[%clk 1:30:24]} 6. Nc3 {[%clk 1:32:15]} g5 {[%clk 1:27:36]} 7. Qd3
{[%clk 1:13:08]} a6 {[%clk 1:23:54]} 8. O-O-O {[%clk 1:10:56]} Bg7
{[%clk 1:19:54]} 9. g3 {[%clk 1:00:03]} Nc6 {[%clk 1:09:10]} 10. Bg2
{[%clk 0:47:44]} Bd7 {[%clk 0:58:00]} 11. e5 {[%clk 0:42:29]} Qe7
{[%clk 0:40:30]} 12. exd6 {[%clk 0:37:33]} cxd6 {[%clk 0:40:20]} 13. d5
{[%clk 0:37:44]} Nb4 {[%clk 0:37:22]} 14. Qc4 {[%clk 0:30:18]} Bxc3
{[%clk 0:37:04]} 15. bxc3 {[%clk 0:29:29]} Nxd5 {[%clk 0:37:05]} 16. Rhe1
{[%clk 0:29:20]} Rc8 {[%clk 0:33:50]} 17. Qd4 {[%clk 0:28:30]} Nf6
{[%clk 0:33:53]} 18. Nd2 {[%clk 0:17:52]} O-O {[%clk 0:26:53]} 19. h4
{[%clk 0:14:11]} g4 {[%clk 0:25:09]} 20. Bxb7 {[%clk 0:13:13]} Rb8
{[%clk 0:24:32]} 21. Ne4 {[%clk 0:11:59]} Nxe4 {[%clk 0:17:00]} 22. Bxe4
{[%clk 0:12:22]} d5 {[%clk 0:10:18]} 23. Bd3 {[%clk 0:12:00]} f5 {[%clk 0:10:13]}
24. Kd2 {[%clk 0:10:28]} Qd6 {[%clk 0:08:59]} 25. Qe3 {[%clk 0:09:32]} Kg7
{[%clk 0:06:57]} 26. Qd4+ {[%clk 0:09:52]} Kf7 {[%clk 0:05:23]} 27. Re5
{[%clk 0:09:36]} Bb5 {[%clk 0:04:08]} 28. Bxf5 {[%clk 0:09:16]} exf5
{[%clk 0:04:25]} 29. Rxf5+ {[%clk 0:09:26]} Kg6 {[%clk 0:03:44]} 30. Qxg4+
{[%clk 0:08:10]} Kh7 {[%clk 0:04:13]} 31. Rxf8 {[%clk 0:01:40]} Rxf8
{[%clk 0:04:41]} 32. Qd4 {[%clk 0:02:09]} Qf6 {[%clk 0:04:20]} 33. Qxf6
{[%clk 0:01:26]} Rxf6 {[%clk 0:04:49]} 34. Ke3 {[%clk 0:01:26]} Bc4
{[%clk 0:04:44]} 35. a3 {[%clk 0:01:52]} Re6+ {[%clk 0:04:29]} 36. Kf4
{[%clk 0:00:59]} Re2 {[%clk 0:04:04]} 37. f3 {[%clk 0:01:13]} Rxc2
{[%clk 0:03:05]} 38. Rb1 {[%clk 0:01:38]} Rxc3 {[%clk 0:02:42]} 39. Rb7+
{[%clk 0:01:58]} Kg8 {[%clk 0:02:18]} 40. Rb8+ {[%clk 0:32:08]} Kf7
{[%clk 0:32:14]} 41. Rb7+ {[%clk 0:26:38]} Ke8 {[%clk 0:32:00]} 42. Rb8+
{[%clk 0:25:14]} Kd7 {[%clk 0:32:09]} 43. Rh8 {[%clk 0:24:41]} d4
{[%clk 0:26:41]} 44. Rxh6 {[%clk 0:23:29]} d3 {[%clk 0:26:35]} 45. Ke5
{[%clk 0:23:05]} Rc2 {[%clk 0:25:43]} 46. Rd6+ {[%clk 0:10:26]} Ke7
{[%clk 0:25:33]} 47. Rd4 {[%clk 0:10:48]} Re2+ {[%clk 0:25:20]} 48. Kf5
{[%clk 0:09:36]} d2 {[%clk 0:25:37]} 49. h5 {[%clk 0:04:42]} Bb3 {[%clk 0:25:40]}
50. g4 {[%clk 0:03:46]} d1=Q {[%clk 0:25:53]} 51. Rxd1 {[%clk 0:04:09]} Bxd1
{[%clk 0:26:19]} 52. g5 {[%clk 0:04:25]} Rh2 {[%clk 0:24:59]} 53. h6
{[%clk 0:03:20]} Bxf3 {[%clk 0:24:27]} 54. Kg6 {[%clk 0:03:07]} Be4+
{[%clk 0:24:37]} 55. Kg7 {[%clk 0:03:23]} Rg2 {[%clk 0:24:47]} 56. h7
{[%clk 0:01:44]} Bxh7 {[%clk 0:25:08]} 0-1

[Event "Greek Women Ch 2018"]
[Site "?"]
[Date "2018.12.14"]
[Round "3.3"]
[White "Tsivelekidou, Evgenia"]
[Black "Makka, Ioulia"]
[Result "0-1"]
[BlackElo "2065"]
[WhiteElo "1861"]
[LiveChessVersion "1.4.8"]

1. d4 {[%clk 1:30:58]} Nf6 {[%clk 1:30:53]} 2. c4 {[%clk 1:31:21]} e6
{[%clk 1:31:16]} 3. g3 {[%clk 1:31:46]} Bb4+ {[%clk 1:31:12]} 4. Bd2
{[%clk 1:32:09]} Qe7 {[%clk 1:31:32]} 5. Bg2 {[%clk 1:32:17]} Nc6
{[%clk 1:30:59]} 6. e3 {[%clk 1:32:01]} d5 {[%clk 1:26:45]} 7. Nf3
{[%clk 1:27:45]} O-O {[%clk 1:19:15]} 8. O-O {[%clk 1:26:26]} b6 {[%clk 1:10:58]}
9. Qa4 {[%clk 1:17:36]} Bb7 {[%clk 1:02:49]} 10. Ne5 {[%clk 1:10:43]} Bxd2
{[%clk 1:00:54]} 11. Nxc6 {[%clk 1:08:23]} Qd7 {[%clk 0:59:43]} 12. Nxd2
{[%clk 1:01:30]} Bxc6 {[%clk 0:57:23]} 13. Qc2 {[%clk 0:59:57]} dxc4
{[%clk 0:49:24]} 14. Bxc6 {[%clk 0:57:54]} Qxc6 {[%clk 0:49:49]} 15. Qxc4
{[%clk 0:57:27]} Qd7 {[%clk 0:35:32]} 16. Rfd1 {[%clk 0:54:01]} Rfc8
{[%clk 0:34:40]} 17. b4 {[%clk 0:47:45]} a5 {[%clk 0:30:45]} 18. a3
{[%clk 0:45:01]} axb4 {[%clk 0:24:42]} 19. axb4 {[%clk 0:45:10]} Ra4
{[%clk 0:23:44]} 20. Rxa4 {[%clk 0:34:23]} Qxa4 {[%clk 0:24:08]} 21. Rc1
{[%clk 0:34:04]} b5 {[%clk 0:17:18]} 22. Qb3 {[%clk 0:30:46]} Nd5
{[%clk 0:14:04]} 23. Rb1 {[%clk 0:28:11]} Qxb3 {[%clk 0:10:33]} 24. Rxb3
{[%clk 0:26:13]} Ra8 {[%clk 0:09:52]} 25. e4 {[%clk 0:22:34]} Ne7
{[%clk 0:09:58]} 26. Nb1 {[%clk 0:19:30]} Ra1 {[%clk 0:05:31]} 27. Kg2
{[%clk 0:19:07]} f5 {[%clk 0:03:49]} 28. Nc3 {[%clk 0:16:32]} fxe4
{[%clk 0:03:21]} 29. Nxb5 {[%clk 0:15:55]} Nd5 {[%clk 0:02:59]} 30. Nc3
{[%clk 0:14:14]} e3 {[%clk 0:02:15]} 31. fxe3 {[%clk 0:13:39]} Nxe3+
{[%clk 0:02:23]} 32. Kf3 {[%clk 0:12:50]} Nf5 {[%clk 0:01:54]} 33. Nb5
{[%clk 0:08:24]} c6 {[%clk 0:02:06]} 34. g4 {[%clk 0:04:52]} cxb5
{[%clk 0:01:44]} 35. gxf5 {[%clk 0:05:19]} Rf1+ {[%clk 0:01:15]} 36. Kg3
{[%clk 0:04:02]} Rxf5 {[%clk 0:01:13]} 37. Rc3 {[%clk 0:03:18]} Kf7
{[%clk 0:01:12]} 38. Rc7+ {[%clk 0:02:50]} Kf6 {[%clk 0:01:32]} 39. Rb7
{[%clk 0:02:55]} h6 {[%clk 0:01:11]} 40. h4 {[%clk 0:32:33]} g6 {[%clk 0:31:00]}
41. Rh7 {[%clk 0:29:16]} h5 {[%clk 0:26:39]} 42. Rh8 {[%clk 0:28:01]} Rd5
{[%clk 0:26:03]} 43. Rf8+ {[%clk 0:27:35]} Ke7 {[%clk 0:24:42]} 44. Rf4
{[%clk 0:24:01]} Rf5 {[%clk 0:23:00]} 45. Re4 {[%clk 0:24:06]} Kd6
{[%clk 0:22:49]} 46. Re3 {[%clk 0:22:32]} Kd5 {[%clk 0:21:16]} 47. Re1
{[%clk 0:21:19]} g5 {[%clk 0:14:55]} 48. hxg5 {[%clk 0:20:41]} Rxg5+
{[%clk 0:15:17]} 49. Kh3 {[%clk 0:13:27]} Kxd4 {[%clk 0:12:03]} 50. Rxe6
{[%clk 0:13:42]} Kc3 {[%clk 0:11:57]} 51. Re4 {[%clk 0:13:03]} Rg4
{[%clk 0:11:07]} 52. Re5 {[%clk 0:12:34]} Kxb4 {[%clk 0:11:15]} 53. Rxh5
{[%clk 0:12:39]} Rg8 {[%clk 0:11:34]} 54. Rh7 {[%clk 0:12:13]} Kb3
{[%clk 0:11:43]} 55. Rb7 {[%clk 0:12:24]} b4 {[%clk 0:12:04]} 56. Kh4
{[%clk 0:12:43]} Ka3 {[%clk 0:11:29]} 57. Ra7+ {[%clk 0:12:58]} Kb2
{[%clk 0:11:48]} 58. Rb7 {[%clk 0:13:20]} b3 {[%clk 0:12:08]} 59. Rb6
{[%clk 0:13:41]} Ka2 {[%clk 0:12:06]} 60. Ra6+ {[%clk 0:14:07]} Kb1
{[%clk 0:12:23]} 61. Rb6 {[%clk 0:14:30]} b2 {[%clk 0:12:41]} 62. Rb7
{[%clk 0:14:52]} Ra8 {[%clk 0:12:37]} 63. Kg4 {[%clk 0:14:59]} Ka1
{[%clk 0:12:52]} 0-1

[Event "Greek Women Ch 2018"]
[Site "?"]
[Date "2018.12.14"]
[Round "3.4"]
[White "Petraki, Evaggelia"]
[Black "Grapsa, Georgia"]
[Result "1-0"]
[BlackElo "2097"]
[WhiteElo "1756"]
[LiveChessVersion "1.4.8"]

1. e4 {[%clk 1:30:57]} c5 {[%clk 1:30:47]} 2. Nf3 {[%clk 1:31:21]} d6
{[%clk 1:31:12]} 3. d4 {[%clk 1:31:46]} cxd4 {[%clk 1:31:37]} 4. Nxd4
{[%clk 1:32:12]} Nf6 {[%clk 1:32:03]} 5. Nc3 {[%clk 1:32:39]} a6 {[%clk 1:32:29]}
6. Be2 {[%clk 1:33:04]} e5 {[%clk 1:32:55]} 7. Nb3 {[%clk 1:33:29]} Be7
{[%clk 1:33:20]} 8. Be3 {[%clk 1:33:55]} Be6 {[%clk 1:33:14]} 9. Qd3
{[%clk 1:34:04]} Nbd7 {[%clk 1:32:43]} 10. Nd5 {[%clk 1:33:58]} Bxd5
{[%clk 1:29:26]} 11. exd5 {[%clk 1:33:25]} Rc8 {[%clk 1:27:24]} 12. c4
{[%clk 1:33:13]} O-O {[%clk 1:25:05]} 13. O-O {[%clk 1:33:26]} a5 14. a4
{[%clk 1:31:37]} Re8 {[%clk 1:18:27]} 15. Rfc1 {[%clk 1:22:09]} Nc5
{[%clk 1:12:54]} 16. Nxc5 {[%clk 1:22:08]} dxc5 {[%clk 1:13:17]} 17. Rf1
{[%clk 1:18:15]} e4 {[%clk 1:06:12]} 18. Qd2 {[%clk 1:16:26]} Qb6
{[%clk 1:00:49]} 19. Bf4 {[%clk 1:10:38]} Rcd8 {[%clk 0:55:12]} 20. Be5
{[%clk 1:05:19]} Bf8 {[%clk 0:46:44]} 21. Bc3 {[%clk 1:01:25]} Ra8
{[%clk 0:47:08]} 22. Rfd1 {[%clk 0:59:54]} Nd7 {[%clk 0:45:32]} 23. Ra3
{[%clk 0:51:26]} Bd6 {[%clk 0:42:40]} 24. Qg5 {[%clk 0:45:47]} Ne5
{[%clk 0:40:20]} 25. Qf5 {[%clk 0:42:59]} Ng6 {[%clk 0:37:17]} 26. Rb1
{[%clk 0:36:28]} Qc7 {[%clk 0:27:58]} 27. g3 {[%clk 0:34:52]} Ra6
{[%clk 0:26:07]} 28. Re1 {[%clk 0:32:09]} Be5 {[%clk 0:20:24]} 29. Qxe4 Rf6
{[%clk 0:13:28]} 30. Bh5 {[%clk 0:25:14]} Qe7 {[%clk 0:07:39]} 31. Bxg6
{[%clk 0:24:09]} Rxg6 {[%clk 0:07:46]} 32. Qxe5 {[%clk 0:23:57]} 1-0

[Event "Greek Women Ch 2018"]
[Site "?"]
[Date "2018.12.14"]
[Round "3.5"]
[White "Fragkou, Eleni"]
[Black "Nikolaidou, Eleni"]
[Result "0-1"]
[BlackElo "1707"]
[WhiteElo "2031"]
[LiveChessVersion "1.4.8"]

1. e4 {[%clk 1:30:48]} c5 {[%clk 1:30:53]} 2. Nf3 {[%clk 1:30:46]} Nc6
{[%clk 1:31:14]} 3. d4 {[%clk 1:31:06]} cxd4 {[%clk 1:31:37]} 4. Nxd4
{[%clk 1:31:25]} d6 {[%clk 1:31:30]} 5. c4 {[%clk 1:27:18]} Qb6 {[%clk 1:28:51]}
6. Nb5 {[%clk 1:22:29]} Nf6 {[%clk 1:23:24]} 7. Bd3 {[%clk 1:07:43]} Bg4
{[%clk 1:14:11]} 8. Qa4 {[%clk 0:51:17]} a6 {[%clk 1:13:28]} 9. Be3
{[%clk 0:45:46]} Qd8 {[%clk 1:13:39]} 10. N5c3 {[%clk 0:42:18]} Bd7
{[%clk 1:11:35]} 11. Qb3 {[%clk 0:29:49]} Ne5 {[%clk 1:03:50]} 12. Nd5
{[%clk 0:23:50]} Nxd5 {[%clk 1:03:17]} 13. exd5 {[%clk 0:24:14]} Nxd3+
{[%clk 1:03:32]} 14. Qxd3 {[%clk 0:24:37]} b5 {[%clk 1:03:07]} 15. Nc3
{[%clk 0:22:39]} bxc4 {[%clk 0:59:49]} 16. Qxc4 {[%clk 0:22:28]} e5
{[%clk 0:56:34]} 17. dxe6 {[%clk 0:17:39]} fxe6 {[%clk 0:56:55]} 18. O-O
{[%clk 0:08:04]} Be7 {[%clk 0:57:13]} 19. a4 {[%clk 0:04:26]} O-O
{[%clk 0:57:07]} 20. Rfd1 {[%clk 0:04:12]} Qc8 {[%clk 0:55:17]} 21. Qd3
{[%clk 0:02:38]} Rb8 {[%clk 0:53:11]} 22. Bd4 {[%clk 0:01:19]} Rb4
{[%clk 0:39:04]} 23. Qg3 {[%clk 0:00:57]} Rf7 {[%clk 0:37:04]} 24. Rac1
{[%clk 0:00:52]} Qb7 {[%clk 0:36:23]} 25. a5 {[%clk 0:01:07]} e5 {[%clk 0:30:46]}
26. Nd5 {[%clk 0:01:05]} Qxd5 {[%clk 0:25:27]} 27. Bc3 {[%clk 0:01:25]} Rd4
{[%clk 0:25:07]} 28. Bxd4 {[%clk 0:01:44]} exd4 {[%clk 0:25:29]} 29. Qd3
{[%clk 0:00:59]} Bc6 {[%clk 0:18:24]} 30. f3 {[%clk 0:01:26]} Bg5
{[%clk 0:18:13]} 31. Rc4 {[%clk 0:00:39]} Be3+ {[%clk 0:17:10]} 32. Kh1
{[%clk 0:00:36]} Qxf3 {[%clk 0:13:41]} 0-1

[Event "Greek Championship 2018"]
[Site "Thessaloniki"]
[Date "2018.12.15"]
[Round "4.2"]
[White "Ioannidis, Evgenios"]
[Black "Kourkoulos-Arditis, Stamatis"]
[Result "1-0"]
[BlackElo "2424"]
[WhiteElo "2382"]
[LiveChessVersion "1.4.8"]

1. e4 {[%clk 1:30:53]} e6 {[%clk 1:30:55]} 2. d4 {[%clk 1:31:04]} d5
{[%clk 1:31:21]} 3. Nc3 {[%clk 1:31:06]} Bb4 {[%clk 1:31:46]} 4. Nge2
{[%clk 1:30:48]} Nc6 {[%clk 1:31:37]} 5. a3 {[%clk 1:30:43]} Ba5 {[%clk 1:32:02]}
6. b4 {[%clk 1:30:32]} Bb6 {[%clk 1:32:26]} 7. Bb2 {[%clk 1:30:17]} Nge7
{[%clk 1:29:29]} 8. Qd2 {[%clk 1:29:27]} dxe4 {[%clk 1:22:07]} 9. Nxe4
{[%clk 1:28:29]} e5 {[%clk 1:22:25]} 10. dxe5 {[%clk 1:28:03]} Bf5
{[%clk 1:22:01]} 11. Qf4 {[%clk 1:15:37]} Bxe4 {[%clk 0:37:32]} 12. Qxe4
{[%clk 1:15:50]} Qd7 {[%clk 0:37:57]} 13. Ng3 {[%clk 0:55:22]} O-O-O
{[%clk 0:36:53]} 14. Bd3 {[%clk 0:54:56]} Bd4 {[%clk 0:29:50]} 15. Bxd4
{[%clk 0:49:51]} Qxd4 {[%clk 0:30:15]} 16. Qxd4 {[%clk 0:50:04]} Rxd4
{[%clk 0:30:37]} 17. Ne2 {[%clk 0:50:25]} Rg4 {[%clk 0:30:23]} 18. h3
{[%clk 0:38:14]} Rxg2 {[%clk 0:26:36]} 19. Ng3 {[%clk 0:38:34]} Nxe5
{[%clk 0:26:44]} 20. Be4 {[%clk 0:38:57]} Rxg3 {[%clk 0:25:56]} 21. fxg3
{[%clk 0:39:22]} f5 {[%clk 0:26:23]} 22. Bg2 {[%clk 0:39:20]} h5 {[%clk 0:26:35]}
23. O-O {[%clk 0:30:09]} h4 {[%clk 0:26:23]} 24. Rae1 {[%clk 0:29:14]} N5g6
{[%clk 0:26:05]} 25. g4 {[%clk 0:29:30]} fxg4 {[%clk 0:25:59]} 26. Rf7
{[%clk 0:29:24]} gxh3 {[%clk 0:24:31]} 27. Bxh3+ {[%clk 0:27:13]} Kd8
{[%clk 0:24:01]} 28. Rxg7 {[%clk 0:26:22]} Rh5 {[%clk 0:24:15]} 29. Be6
{[%clk 0:21:39]} Rg5+ {[%clk 0:21:01]} 30. Kh2 {[%clk 0:21:29]} Rg3
{[%clk 0:21:16]} 31. Rd1+ {[%clk 0:21:17]} Ke8 {[%clk 0:21:39]} 32. Bf7+
{[%clk 0:21:31]} Kf8 {[%clk 0:21:58]} 33. Rh7 {[%clk 0:21:58]} 1-0